Draught animals in rural development

Na minha lista:
Detalhes bibliográficos
Autor principal: Hoffmann, D.
Formato: Livro
Idioma:Undetermined
Publicado em: Caberra Australian center for international agriculture research 1989
Assuntos:
Tags: Adicionar Tag
Sem tags, seja o primeiro a adicionar uma tag!
Thư viện lưu trữ: Trung tâm Học liệu Trường Đại học Cần Thơ
LEADER 00627nam a2200181Ia 4500
001 CTU_126025
008 210402s9999 xx 000 0 und d
082 |a 636.088 
082 |b H699/No.27 
100 |a Hoffmann, D. 
245 0 |a Draught animals in rural development 
245 0 |c D. Hoffmann, J. Nari, R. J. Petheram 
260 |a Caberra 
260 |b Australian center for international agriculture research 
260 |c 1989 
650 |a Animal power,Draught animals,Chăn nuôi gia súc kéo cày,Gia súc lấy sức kéo 
904 |i Hiếu 
980 |a Trung tâm Học liệu Trường Đại học Cần Thơ